Представление документа в формате RUSMARC

ПолеНазваниеЗначение
  Тип записи a
  Библиографический уровень m
001 Контрольный номер 95bf9f4bf94c437fbd9d1691dbd7d6a2
005 Дата корректировки 20140610100130.5
101 Язык документа 0_
a Язык текста rus
102 Страна публикации __
a Страна публикации RU
200 Заглавие и сведения об ответственности 1_
a Заглавие Речевая компетентность в педагогической деятельности
e Сведения, относящиеся к заглавию теория и практика
f Первые сведения об ответственности Т. В. Иванчикова
g Последующие сведения об ответственности Чебоксар. кооп. ин- т, АНО ВПО Центросоюза РФ РУК
210 Выходные данные 1_
c Издательство ЧКИ РУК
a Место издания Чебоксары
d Дата издания 2006
215 Физическое описание __
a Объем 230, [2] с.
607 Географические рубрики __
a Географическое наименование филиал
b Чебоксары
610 Ключевые слова 0_
a Ключевые слова высшее образование
610 Ключевые слова 0_
a Ключевые слова педагогическая деятельность
610 Ключевые слова 0_
a Ключевые слова педагогическая риторика
610 Ключевые слова 0_
a Ключевые слова педагогическое общение
610 Ключевые слова 0_
a Ключевые слова речевая прагматика
610 Ключевые слова 0_
a Ключевые слова ортология
610 Ключевые слова 0_
a Ключевые слова стилистика
610 Ключевые слова 0_
a Ключевые слова культура речи
686 Индексы других классификаций __
a Классификационный индекс 74.580я7
2 Код системы rubbk
686 Индексы других классификаций __
a Классификационный индекс 81.411.2-923
2 Код системы rubbk
700 Автор _1
a Фамилия Иванчикова
b Имя Т. В.
g Полное личное имя Татьяна Владимировна
711 Наименование организации. (Альтернативная ответственность) 02
a Организация/ юрисдикция Чебоксар. кооп. ин-т
711 Наименование организации. (Альтернативная ответственность) 02
a Организация/ юрисдикция АНО ВПО ЦС РФ РУК
801 Источник записи _0
a Страна RU
b Организация РУК
c Дата составления 20070226
g Правила каталогизации PSBO
801 Источник записи _1
a Страна RU
b Организация РУК
c Дата составления 20070226
g Правила каталогизации PSBO
852 Данные о местонахождении __
j Шифр хранения ББК 74
i Авторский знак И 23
901 Тип документа __
t Тип документа m
938 Служебная информация __
a Название организации Головной вуз
b Имя БД BOOK
c Название АИБС АИБС ИРБИС